000
00316cam a22001217a 4500
008
180718b1962 xxu||||| |||| 00| 0 eng d
082
_a
A6x881 Sm 64
100
_a
Smith, Raymond T.
245
_a
British Guiana
_c
by Raymond T. Smith
260
_a
London
_b
Oxford
_c
1962
300
_a
vi, 218p
650
_a
Guyana -Maps.
999
_c
413480
_d
413480